It looks like you're offline.
Open Library logo
additional options menu

MARC Record from Scriblio

Record ID marc_records_scriblio_net/part05.dat:73512153:624
Source Scriblio
Download Link /show-records/marc_records_scriblio_net/part05.dat:73512153:624?format=raw

LEADER: 00624cam 22002171a 4500
001 63010684
003 DLC
005 20050812202830.0
008 720808s1963 nyu b 001 0 eng
010 $a 63010684
035 $a(OCoLC)375264
040 $aDLC$cODaWU$dOCoLC$dMoSU-L$dDLC
042 $apremarc
050 00 $aBJ21$b.A2
082 $a170.82
245 00 $aEthics and metaethics :$breadings in ethical philosophy /$cRaziel Abelson.
260 $aNew York :$bSt. Martin's Press,$cc1963.
300 $axiii, 574 p. ;$c22 cm.
504 $aIncludes bibliographies and indexes.
650 0 $aEthics.
700 1 $aAbelson, Raziel.